[Event "MVP-ch Seniors op 19th"]
[Site "Ostseebad Binz"]
[Date "2019.12.02"]
[Round "6"]
[White "Scholz, Jutta"]
[Black "Helm, Helga"]
[Result "1/2-1/2"]
[WhiteElo "1639"]
[BlackElo "1555"]
[PlyCount "26"]
[EventDate "2019.11.27"]
[EventType "swiss"]
[EventRounds "9"]
[EventCountry "GER"]
[SourceTitle "EXT 2021"]
[Source "ChessBase"]
[SourceDate "2020.10.23"]
[SourceVersion "1"]
[SourceVersionDate "2020.10.23"]
[SourceQuality "1"]

1. e4 e5 2. Nf3 d6 3. h3 Nf6 4. d3 Nc6 5. c3 Be7 6. Be2 0-0 7. 0-0 Re8 8. Re1 d5 9. Nbd2 dxe4 10. dxe4 a6 11. Qc2 Be6 12. Nf1 Qc8 13. Ng3 h6 1/2-1/2

[Event "Rostock SSC 07 op 15th"]
[Site "Rostock"]
[Date "2016.07.29"]
[Round "5"]
[White "Helm, Helga"]
[Black "Gazizov, Max"]
[Result "0-1"]
[WhiteElo "1561"]
[BlackElo "1410"]
[PlyCount "76"]
[EventDate "2016.07.27"]
[EventType "swiss"]
[EventRounds "7"]
[EventCountry "GER"]
[SourceTitle "EXT 2017"]
[Source "ChessBase"]
[SourceDate "2016.10.25"]
[SourceVersion "1"]
[SourceVersionDate "2016.10.25"]
[SourceQuality "1"]

1. e4 c5 2. Nf3 d6 3. Bb5+ Bd7 4. Bxd7+ Qxd7 5. 0-0 Nf6 6. d3 e6 7. Nc3 Be7 8. h3 Nc6 9. a3 0-0 10. Re1 Rac8 11. Be3 Rfd8 12. Qe2 Qc7 13. Nh2 d5 14. exd5 exd5 15. Bd2 Re8 16. Qd1 a6 17. Nf3 h6 18. Qc1 Nd4 19. Nxd4 cxd4 20. Ne2 Qxc2 21. Qxc2 Rxc2 22. Bb4 Bxb4 23. Nxd4 Rxe1+ 24. Rxe1 Bxe1 25. Nxc2 Bd2 26. a4 Kf8 27. Kf1 Ba5 28. Ke2 Ke7 29. Nd4 g6 30. Kf3 Nd7 31. Nb3 Bb6 32. Ke2 Nc5 33. Nxc5 Bxc5 34. f3 Bd4 35. b3 Kd6 36. Kd2 Kc5 37. Kc2 Kb4 38. g4 g5 0-1

[Event "GER-chB Seniors 27th"]
[Site "Magdeburg"]
[Date "2015.08.22"]
[Round "8"]
[White "Hartlaub, Marianne"]
[Black "Helm, Helga"]
[Result "1/2-1/2"]
[WhiteElo "1562"]
[BlackElo "1650"]
[PlyCount "221"]
[EventDate "2015.08.15"]
[EventType "swiss"]
[EventRounds "9"]
[EventCountry "GER"]
[SourceTitle "EXT 2018"]
[Source "ChessBase"]
[SourceDate "2017.10.13"]
[SourceVersion "1"]
[SourceVersionDate "2017.10.13"]
[SourceQuality "1"]

1. Nf3 e6 2. c4 Nf6 3. Nc3 Nc6 4. g3 Bb4 5. Qc2 h6 6. Bg2 0-0 7. 0-0 d5 8. cxd5 exd5 9. a3 Bc5 10. b4 Nd4 11. Nxd4 Bxd4 12. Bb2 c6 13. e3 Be5 14. f4 Bc7 15. h3 Re8 16. Rfe1 Bd7 17. Rac1 Bb6 18. Na4 Qc8 19. Kh2 Bd8 20. Nc5 Bf5 21. Qc3 b6 22. Nb3 Be4 23. Bxe4 dxe4 24. Qxc6 Qxc6 25. Rxc6 Nd5 26. Rec1 Bf6 27. Bxf6 Nxf6 28. Nd4 Nd5 29. Kg2 Ne7 30. Rc7 Rec8 31. Nb5 f5 32. Nd6 Rd8 33. Nc4 Nd5 34. Rc6 Ne7 35. Rd6 Rac8 36. Rxd8+ Rxd8 37. Rc2 Rc8 38. a4 a6 39. Kf2 b5 40. axb5 axb5 41. Na3 Rxc2 42. Nxc2 Nc6 43. Ke2 Kf7 44. d3 Ke6 45. dxe4 fxe4 46. Kd2 Kd5 47. Kc3 g6 48. Na3 Na7 49. g4 Nc8 50. Nxb5 Nb6 51. Nc7+ Kc6 52. Ne8 Nd5+ 53. Kd4 Nxb4 54. Kxe4 Nd5 55. Ng7 Kd6 56. f5 Nf6+ 57. Kd4 g5 58. e4 Ke7 59. e5 Nd7 60. Nh5 Nf8 61. Kd5 Nd7 62. Ng3 Nb6+ 63. Kd4 Nd7 64. Ne4 Nf8 65. Nf6 Kf7 66. Kd5 Ke7 67. Ng8+ Kf7 68. Nxh6+ Kg7 69. e6 Kxh6 70. e7 Nd7 71. e8Q Nf6+ 72. Ke6 Nxe8 73. f6 Nc7+ 74. Kf7 Kh7 75. Kf8 Ne6+ 76. Ke7 Nf4 77. f7 Ng6+ 78. Kf6 Nf8 79. Kxg5 Kg7 80. h4 Nh7+ 81. Kf5 Kxf7 82. g5 Nf8 83. h5 Kg7 84. Ke5 Nh7 85. Kf5 Nf8 86. h6+ Kh7 87. Kf6 Ng6 88. Kf7 Ne5+ 89. Kf6 Ng6 90. Kf5 Ne7+ 91. Kg4 Ng6 92. Kg3 Ne5 93. Kf4 Ng6+ 94. Ke4 Ne7 95. Ke5 Ng6+ 96. Kf6 Nf8 97. Kf7 Ng6 98. Ke8 Ne5 99. Ke7 Ng6+ 100. Kf6 Nf8 101. Ke7 Ng6+ 102. Kf7 Nh8+ 103. Kf6 Ng6 104. Ke6 Nf8+ 105. Kf7 Ng6 106. Ke8 Nh8 107. Kf8 Ng6+ 108. Ke8 Nh8 109. Kf8 Ng6+ 110. Kf7 Nh8+ 111. Kf8 1/2-1/2

[Event "GER-chB Seniors 27th"]
[Site "Magdeburg"]
[Date "2015.08.18"]
[Round "4"]
[White "Schumacher, Ursula"]
[Black "Helm, Helga"]
[Result "1/2-1/2"]
[WhiteElo "1605"]
[BlackElo "1650"]
[PlyCount "46"]
[EventDate "2015.08.15"]
[EventType "swiss"]
[EventRounds "9"]
[EventCountry "GER"]
[SourceTitle "EXT 2018"]
[Source "ChessBase"]
[SourceDate "2017.10.13"]
[SourceVersion "1"]
[SourceVersionDate "2017.10.13"]
[SourceQuality "1"]

1. c4 e6 2. Nc3 Nf6 3. g3 Be7 4. Bg2 0-0 5. e3 c6 6. Nge2 d5 7. cxd5 exd5 8. 0-0 Bf5 9. d4 Nbd7 10. a3 Re8 11. b4 a6 12. Bb2 Bd6 13. Qd2 h6 14. f3 Nb6 15. Nd1 Nc4 16. Qc3 b5 17. Rc1 Qe7 18. Kf2 Qe6 19. Re1 Re7 20. Nf4 Qd7 21. Nd3 Rae8 22. Nc5 Bxc5 23. dxc5 Bh3 1/2-1/2

[Event "GER Seniors Derby 03rd"]
[Site "Undeloh"]
[Date "2004.04.17"]
[Round "5"]
[White "Helm, Helga"]
[Black "Boehm, Heinz D"]
[Result "1/2-1/2"]
[WhiteElo "1344"]
[BlackElo "1259"]
[PlyCount "53"]
[EventDate "2004.04.15"]
[EventType "swiss"]
[EventRounds "7"]
[EventCountry "GER"]
[SourceTitle "EXT 2006"]
[Source "ChessBase"]
[SourceDate "2005.11.24"]
[SourceVersion "1"]
[SourceVersionDate "2005.11.24"]
[SourceQuality "1"]

1. e4 c5 2. Nf3 Nc6 3. c3 a6 4. d4 cxd4 5. cxd4 d6 6. d5 Na7 7. Be2 g6 8. Bd2 Bg7 9. Bc3 f6 10. 0-0 Nh6 11. h3 0-0 12. Nbd2 Nf7 13. Nd4 Bd7 14. Bg4 Bxg4 15. Qxg4 Ne5 16. Qg3 Qd7 17. f4 Nf7 18. Ne6 Rfc8 19. h4 Rxc3 20. bxc3 Nb5 21. Rac1 Nc7 22. f5 Ne5 23. fxg6 hxg6 24. Nxg7 Kxg7 25. h5 Rh8 26. hxg6 Qb5 27. Nf3 1/2-1/2

[Event "GER Seniors Derby 03rd"]
[Site "Undeloh"]
[Date "2004.04.16"]
[Round "2"]
[White "Helm, Helga"]
[Black "Hiller, Ulrich"]
[Result "1/2-1/2"]
[WhiteElo "1344"]
[BlackElo "1521"]
[PlyCount "56"]
[EventDate "2004.04.15"]
[EventType "swiss"]
[EventRounds "7"]
[EventCountry "GER"]
[SourceTitle "EXT 2006"]
[Source "ChessBase"]
[SourceDate "2005.11.24"]
[SourceVersion "1"]
[SourceVersionDate "2005.11.24"]
[SourceQuality "1"]

1. e4 c5 2. Nf3 d6 3. Bc4 Nf6 4. Nc3 e6 5. 0-0 a6 6. Re1 b5 7. Bf1 Be7 8. d3 0-0 9. e5 dxe5 10. Nxe5 Bb7 11. Be2 Nbd7 12. Nxd7 Qxd7 13. Bf3 Rfd8 14. Bxb7 Qxb7 15. Qe2 Rd7 16. Ne4 Nxe4 17. Qxe4 Qxe4 18. Rxe4 Rad8 19. b3 Bf6 20. Rb1 Rd5 21. Bb2 Bxb2 22. Rxb2 e5 23. a4 f6 24. Rb1 Rd4 25. Rxd4 Rxd4 26. axb5 axb5 27. Rc1 b4 28. f3 Kf7 1/2-1/2

[Event "GER Seniors Derby 03rd"]
[Site "Undeloh"]
[Date "2004.04.15"]
[Round "1"]
[White "Westphal Stubbe, Siegbert"]
[Black "Helm, Helga"]
[Result "1-0"]
[WhiteElo "1669"]
[BlackElo "1344"]
[PlyCount "35"]
[EventDate "2004.04.15"]
[EventType "swiss"]
[EventRounds "7"]
[EventCountry "GER"]
[SourceTitle "EXT 2006"]
[Source "ChessBase"]
[SourceDate "2005.11.24"]
[SourceVersion "1"]
[SourceVersionDate "2005.11.24"]
[SourceQuality "1"]

1. d4 d5 2. c4 c6 3. Nc3 Nf6 4. Nf3 Bg4 5. e3 e6 6. a3 Nbd7 7. Bd3 Bd6 8. e4 e5 9. exd5 exd4 10. Ne4 Qe7 11. 0-0 0-0 12. Nxd6 Qxd6 13. b4 c5 14. Bb2 Ne5 15. bxc5 Qxc5 16. Bxd4 Nxf3+ 17. gxf3 Qxd4 18. Bxh7+ 1-0